书目信息 |
| 题名: |
Visual Basic程序设计实验指导及习题解答
|
|
| 作者: | 谭云兰 , 夏洁武 主编 | |
| 分册: | ||
| 出版信息: | 上海 同济大学出版社 2007.02 |
|
| 页数: | 209页 | |
| 开本: | 26cm | |
| 丛书名: | 大学计算机基础教育丛书 | |
| 单 册: | ||
| 中图分类: | TP312BA | |
| 科图分类: | ||
| 主题词: | Basic语言--Basic yu yan--程序设计--高等学校--教材 | |
| 电子资源: | ||
| ISBN: | 978-7-5608-3512-9 | |
| 000 | 00991nam 2200253 450 | |
| 001 | 012007791610 | |
| 005 | 20070930104642.39 | |
| 010 | @a978-7-5608-3512-9@dCNY20.00 | |
| 100 | @a20070808d2007 km y0chiy0120 ea | |
| 101 | 0 | @achi |
| 102 | @aCN@b310000 | |
| 105 | @aa z 000yy | |
| 200 | 1 | @aVisual Basic程序设计实验指导及习题解答@AVisual Basic cheng xu she ji shi yan zhi dao ji xi ti jie da@f谭云兰, 夏洁武主编@Ftan yun lan,xia jie wu zhu bian |
| 210 | @a上海@c同济大学出版社@d2007.02 | |
| 215 | @a209页@c图@d26cm | |
| 225 | 2 | @a大学计算机基础教育丛书@Ada xue ji suan ji ji chu jiao yu cong shu |
| 330 | @a本书包括VB程序设计初步、数据与运算实验、VB程序句与控制结构、数组、过程和函数、常用内部控件、界面设计等内容。 | |
| 410 | 0 | @12001 @a大学计算机基础教育丛书 |
| 606 | 0 | @aBasic语言@ABasic yu yan@x程序设计@x高等学校@j教材 |
| 690 | @aTP312BA@v4 | |
| 701 | 0 | @a谭云兰@Atan yun lan@4主编 |
| 701 | 0 | @a夏洁武@Axia jie wu@4主编 |
| 801 | 0 | @aCN@c20070930 |
| 905 | @dTP312BA@eT143 | |
| Visual Basic程序设计实验指导及习题解答/谭云兰, 夏洁武主编.-上海:同济大学出版社,2007.02 |
| 209页:图;26cm.-(大学计算机基础教育丛书) |
| ISBN 978-7-5608-3512-9:CNY20.00 |
| 本书包括VB程序设计初步、数据与运算实验、VB程序句与控制结构、数组、过程和函数、常用内部控件、界面设计等内容。 |
| ● |
| 相关链接 |
|
|
|
正题名:Visual Basic程序设计实验指导及习题解答
索取号:TP312BA/T143
 
预约/预借
| 序号 | 登录号 | 条形码 | 馆藏地/架位号 | 状态 | 备注 |
| 1 | 255478 | 202554789 | 自科库301/301自科库 84排2列3层/ [索取号:TP312BA/T143] | 在馆 | |
| 2 | 255479 | 202554798 | 自科库301/404自科库 9排3列4层/ [索取号:TP312BA/T143] | 在馆 | |
| 3 | 255480 | 202554805 | 自科库301/301自科库 84排2列3层/ [索取号:TP312BA/T143] | 在馆 |